|
|
|
|
| LEADER |
01522nam a2200373 a 4500 |
| 001 |
EBC737808 |
| 003 |
MiAaPQ |
| 005 |
20200520144314.0 |
| 006 |
m o d | |
| 007 |
cr cn||||||||| |
| 008 |
110615s2011 cau sb 001 0 eng d |
| 010 |
|
|
|z 2011024728
|
| 020 |
|
|
|z 9780313362804
|
| 020 |
|
|
|a 9780313362811 (electronic bk.)
|
| 035 |
|
|
|a (MiAaPQ)EBC737808
|
| 035 |
|
|
|a (Au-PeEL)EBL737808
|
| 035 |
|
|
|a (CaPaEBR)ebr10485572
|
| 035 |
|
|
|a (CaONFJC)MIL317314
|
| 035 |
|
|
|a (OCoLC)745865829
|
| 040 |
|
|
|a MiAaPQ
|c MiAaPQ
|d MiAaPQ
|
| 050 |
|
4 |
|a HD30.4
|b .H43 2011
|
| 082 |
0 |
4 |
|a 016.65
|2 23
|
| 100 |
1 |
|
|a Heckman, Lucy,
|d 1954-
|
| 245 |
1 |
0 |
|a How to find business information
|h [electronic resource] :
|b a guide for businesspeople, investors, and researchers /
|c Lucy Heckman.
|
| 260 |
|
|
|a Santa Barbara, Calif. :
|b Praeger,
|c 2011.
|
| 300 |
|
|
|a vi, 208 p.
|
| 504 |
|
|
|a Includes bibliographical references and index.
|
| 520 |
|
|
|a "This fact-filled guide serves as an introductory handbook or as a refresher for those who want to research a specific topic or update their research skills"--
|c Provided by publisher.
|
| 533 |
|
|
|a Electronic reproduction. Ann Arbor, MI : ProQuest, 2015. Available via World Wide Web. Access may be limited to ProQuest affiliated libraries.
|
| 650 |
|
0 |
|a Business
|x Research.
|
| 650 |
|
0 |
|a Internet searching.
|
| 655 |
|
4 |
|a Electronic books.
|
| 710 |
2 |
|
|a ProQuest (Firm)
|
| 856 |
4 |
0 |
|u https://ebookcentral.proquest.com/lib/matrademy/detail.action?docID=737808
|z Click to View
|